000
00272nam a22001217a 4500
082
_a
910
100
_a
Oxford
245
_a
Oxford Student Atlas For India
250
_a
4th Edition
260
_a
Delhi
_b
Oxford University Press
_c
2023
650
_a
Geography
942
_c
BK
999
_c
66215
_d
66215